000 00629nam a2200241Ia 4500
003 OSt
005 20220918201136.0
006 a|||||r|||| 00| 0
007 ta
008 220917b |||||||| |||| 00| 0 eng d
024 _a91,952
037 _cTextual
040 _aARTS
_cARTS
_beng
041 _2eng
_aeng
082 _aU8.738wM21, K6
100 _aNowlin W
_997051
245 0 _aBark covered house or back in the wood again
260 _aA Arbor
_bUniv Micro
_c1966
300 _a250p.
_ccm.
650 _aGEOGRAPHY
942 _hU8.738wM21, K6
_cTEXL
_2CC
999 _c215606
_d215606